| 000 | 00820nam a2200241 i 4500 | ||
|---|---|---|---|
| 001 | 65820 | ||
| 003 | ES-MaACL | ||
| 005 | 20230906165458.0 | ||
| 007 | t| | ||
| 008 | 040122s1968 sp ||||1| spa d | ||
| 100 | 1 |
_aFuentes Lojo, Juan V. _952932 |
|
| 245 | 1 | 0 |
_aEdificación, venta y administración de inmuebles / _cSantiago Vintro y Domingo Llor ; con la colaboración y dirección de Juan V. Fuentes Lojo. |
| 250 | _a[1ª ed.]. | ||
| 260 |
_aBarcelona : _bNauta, _c[1968] |
||
| 300 |
_a1 v. (pag. var.) ; _c27 cm. |
||
| 490 | 1 | _aLo que vd. necesita saber | |
| 650 | 4 |
_aPropiedad inmobiliaria- _zEspaña. _916487 |
|
| 700 | 1 |
_aVintro, Santiago. _9115341 |
|
| 700 | 1 |
_aLlor, Domingo. _972848 |
|
| 830 | 0 |
_aLo que vd. necesita saber _9230770 |
|
| 852 |
_aES-MaACL _jC-36373 _bR.68430 |
||
| 999 |
_c65820 _d65820 |
||